meritum Daň z příjmů 2022
Saved in:
| Main Author | |
|---|---|
| Format | Electronic eBook |
| Language | Czech |
| Published |
Wolters Kluwer
2022
|
| Edition | 1. elektronické vydání |
| Subjects | |
| Online Access | Dostupné v BOOKPORT po přihlášení pomocí eduID |
| ISBN | 978-80-7676-358-6 978-80-7676-356-2 |
| Physical Description | 1 online zdroj (546 stran) |
| LEADER | 00000nam a2200000 i 4500 | ||
|---|---|---|---|
| 001 | bkp769665142 | ||
| 003 | CZ-prgp | ||
| 005 | 20221111113034.0 | ||
| 006 | m o d | ||
| 007 | cr cn | ||
| 008 | 221111s2022 xr o 000 0 cze | ||
| 020 | |a 978-80-7676-358-6 |c 1020 Kč |q (online ; epub) | ||
| 020 | |a 978-80-7676-356-2 |c 1199 Kč |q (print) | ||
| 040 | |a Grada |b cze |e rda | ||
| 100 | 1 | |a Jiří, Vychopeň | |
| 245 | 1 | 0 | |a meritum Daň z příjmů 2022 |c Vychopeň Jiří |
| 250 | |a 1. elektronické vydání | ||
| 264 | 1 | |b Wolters Kluwer |c 2022 | |
| 300 | |a 1 online zdroj (546 stran) | ||
| 336 | |a text |b txt |2 rdacontent | ||
| 337 | |a počítač |b c |2 rdamedia | ||
| 338 | |a online zdroj |b cr |2 rdacarrier | ||
| 520 | 3 | |a meritum Daň z příjmů 2022 obsahuje z hlediska praktického využití srozumitelný výklad problematiky daní z příjmů. Je koncipováno jako každodenní pomůcka pro všechny, kteří se chtějí v této oblasti orientovat. Výklad je doplněn o přílohy týkající se daně z příjmů s konkrétními příklady vyplnění formulářů a je zpracován podle znění právních předpisů k 1. 4. 2022. Z hlavních změn pro zdaňovací období roku 2022 vybíráme: změny ve vymezení příjmů osvobozených od daně, nová výše měsíční paušální zálohy pro poplatníky v paušálního režimu, změny v návaznosti na zvýšení minimální mzdy od 1. 1. 2022, změny v cestovních náhradách od 1. 1. 2022, doplnění právní úpravy omezení uznatelnosti nadměrných výpůjčních nákladů pro společníky v.o.s. a komplementáře k.s., další zvýšení základní slevy na poplatníka, zavedení nové slevy na dani za zastavenou exekuci, zrušení max. výše měsíčního daňového bonusu. Změny s dopadem i pro zdaňovací období roku 2021: zvýšení daňového zvýhodnění na druhé a na třetí a každé další dítě. | |
| 650 | 0 | 4 | |a Daně |
| 856 | 4 | 0 | |u https://www.bookport.cz/AccountSaml/SignIn/?idp=https://shibboleth.utb.cz/idp/shibboleth&returnUrl=/kniha/meritum-dan-z-prijmu-2022-11127/ |y Dostupné v BOOKPORT po přihlášení pomocí eduID |